000 00429nam a2200181Ia 4500
001 13875
005 20260306164833.0
008 260306t1997||||xx |||||||||||||| ||spa||
041 _aESP
082 _aS 005.43
_bR71
100 _aRobbins, Kay A.
_eAUT
245 0 _aUnix programación práctica
260 _c1997
300 _axiv, 659 páginas :
_c24 cm.
650 _aGEN
654 _aCCC
942 _cLIB
_dJUS
_fJUS
_2ddc
_n
999 _c13875
_d13875